书目信息 |
| 题名: |
水和北京永定河
|
|
| 作者: | 本书组编 | |
| 分册: | ||
| 出版信息: | 北京 方志出版社 2004.09 |
|
| 页数: | 214页 | |
| 开本: | 20cm | |
| 丛书名: | ||
| 单 册: | ||
| 中图分类: | K928.4 | |
| 科图分类: | ||
| 主题词: | 地理--中国 | |
| 电子资源: | ||
| ISBN: | 7-80192-340-5 | |
| 000 | 00496nam0 2200181 450 | |
| 001 | 0538935951 | |
| 005 | 20050128104854.81 | |
| 010 | @a7-80192-340-5@dCNY25.00 | |
| 100 | @a20050128d2004 km y0chiy0120 ea | |
| 101 | 0 | @achi |
| 102 | @aCN@b110000 | |
| 200 | 1 | @a水和北京永定河@Ashui he bei jing yong ding he@f本书组编@Fben shu zu bian |
| 210 | @a北京@c方志出版社@d2004.09 | |
| 215 | @a214页@d20cm | |
| 606 | 0 | @a地理@x中国 |
| 690 | @aK928.4@v4 | |
| 801 | 0 | @aCN@bPFT@c20050128 |
| 905 | @aBZT@dK928.4@e1 | |
| 水和北京永定河/本书组编.-北京:方志出版社,2004.09 |
| 214页;20cm |
| ISBN 7-80192-340-5:CNY25.00 |
| ● |
| 相关链接 |
|
|
|
正题名:水和北京永定河
索取号:K928.4/1
 
预约/预借
| 序号 | 登录号 | 条形码 | 馆藏地/架位号 | 状态 | 备注 |
| 1 | 401696 | 210295312 | 中心书库南/015架B面2层2列/ [索取号:K928.4/1] | 在馆 | |
| 2 | 401697 | 210295303 | 中心书库南/015架B面2层2列/ [索取号:K928.4/1] | 在馆 | |
| 3 | 401698 | 210295296 | 中心书库南/015架B面2层2列/ [索取号:K928.4/1] | 在馆 | |
| 4 | 401699 | 210295287 | 中心书库南/015架B面2层2列/ [索取号:K928.4/1] | 在馆 | |
| 5 | 401700 | 210295278 | 中心书库南/015架B面2层2列/ [索取号:K928.4/1] | 在馆 | |
| 6 | 401701 | 210295269 | 中心书库南/015架B面2层2列/ [索取号:K928.4/1] | 在馆 | |
| 7 | 401702 | 210295250 | 中心书库南/015架B面2层2列/ [索取号:K928.4/1] | 在馆 | |
| 8 | 401703 | 210295241 | 中心书库南/015架B面2层2列/ [索取号:K928.4/1] | 在馆 | |
| 9 | 401704 | 210295223 | 中心书库南/015架B面2层2列/ [索取号:K928.4/1] | 在馆 | |
| 10 | 401705 | 210295232 | 中心书库南/015架B面2层2列/ [索取号:K928.4/1] | 在馆 |